| 000 | 00697nam a2200193 i 4500 | ||
|---|---|---|---|
| 001 | 27903 | ||
| 003 | ES-MaACL | ||
| 007 | t| | ||
| 008 | 030115m19301932fr ||||1| fre d | ||
| 100 | 1 |
_aBac, Ferdinand. _924428 |
|
| 245 | 1 | 0 |
_aIntimités du Second Empire _b: D'aprés des documents contemporaines / _cFerdinand Bac. |
| 260 |
_aParís : _bHachette, _c1930-32 ( _fImp. Jacques et Demonrod) |
||
| 300 |
_a2 v. ; _c23 cm. |
||
| 505 | 8 | _aContiene: V. I: La Cour et la ville. -- V. II: Les femmes et la comédie. -- V. III: Poètes et Artiste. | |
| 740 | 3 | _aLa Cour et la ville. | |
| 740 | 4 | _aLes femmes et la comédie. | |
| 740 | 0 | _aPoètes et Artiste. | |
| 852 |
_aES-MaACL _jE-4118-19 _bR.20725 |
||
| 999 |
_c27903 _d27903 |
||